000 00815nam a2200217 a 4500
001 000008990
005 20200929161446.0
008 090922s1971 dr r 000 m spa d
040 _aDO-SdBNP
_bspa
_cBNPHU
082 _aRD861.09
_bM917r
100 1 _aMota Medrano, Fabio A.
_923600
245 1 0 _aRelieves alumbrados :
_b14 poetas (microensayos) /
_cFabio A. Mota Medrano.
260 _aSanto Domingo :
_bLa Isabela,
_c1971.
300 _a341 p. ;
_c19 cm.
500 _aIncluye referencias bibliográficas y notas al pie de las páginas
590 _aInventariado, 2018/BT
650 4 _aPoetas dominicanos
_xCrítica e interpretación
_921023
650 4 _aPoesía dominicana
_xHistoria y crítica
_913072
650 4 _aLiteratura dominicana
_xHistoria y crítica
_9159
910 _aValidado. Control de calidad. MFF
999 _c8754
_d8754